Score 0/24 Timer 01:30
1 Play Today
Hint Answer % Correct
___ EinsteinAlbert
99.5%
___ Luther King, Jr.Martin
96.7%
___ ScissorhandsEdward
95.8%
___ RadcliffeDaniel
91%
___ ReaganRonald
90.5%
___ the FrogKermit
89.9%
___ RichieLionel
89.5%
___ CaesarJulius
89.4%
___ KruegerFreddy
88.3%
___ the PoohWinnie
86.7%
___ the Tank EngineThomas
83%
___ HarrisonGeorge
80.2%
Hint Answer % Correct
___ BatesNorman
79.6%
___ Seymour HoffmanPhilip
78.4%
___ HugoVictor
73.9%
___ the DinosaurBarney
73.7%
___ CromwellOliver
72.6%
___ JonesQuincy
71.1%
___ the EntertainerCedric
69.3%
___ PoitierSidney
68.3%
___ RamisHarold
60.8%
___ BerlinIrving
56.5%
___ the TurtleYertle
44.7%
___ I of PersiaXerxes
42.2%
Remove Ads.
Support Sporcle.
Get the best of Sporcle when you Go Orange. This ad-free experience offers more features, more stats, and more fun while also helping to support Sporcle. Thank you for becoming a member.

You're not logged in!

Compare scores with friends on all Sporcle quizzes.
OR
Log In

Show Comments

Extras

Top Quizzes Today


Score Distribution

Your Account Isn't Verified!

In order to create a playlist on Sporcle, you need to verify the email address you used during registration. Go to your Sporcle Settings to finish the process.

Report this User

Report this user for behavior that violates our Community Guidelines.

Details: